LEADER 02295nam 2200661 a 450 001 9910778779703321 005 20230421033234.0 010 $a1-280-18702-6 010 $a9786610187027 010 $a0-309-59121-X 010 $a0-585-08583-8 035 $a(CKB)110986584752156 035 $a(OCoLC)43475753 035 $a(CaPaEBR)ebrary10055096 035 $a(SSID)ssj0000150840 035 $a(PQKBManifestationID)11144512 035 $a(PQKBTitleCode)TC0000150840 035 $a(PQKBWorkID)10281449 035 $a(PQKB)11541395 035 $a(MiAaPQ)EBC3376102 035 $a(Au-PeEL)EBL3376102 035 $a(CaPaEBR)ebr10055096 035 $a(OCoLC)923261161 035 $a(EXLCZ)99110986584752156 100 $a19971209d1997 uy 0 101 0 $aeng 135 $aurcn||||||||| 181 $ctxt 182 $cc 183 $acr 200 03$aAn evaluation of radiation exposure guidance for military operations$b[electronic resource] $einterim report /$fCommittee on Battlefield Radiation Exposure Criteria, Fred A. Mettler, Jr., chairman ; J. Christopher Johnson and Susan Thaul, editors 210 $aWashington, D.C. $cNational Academy Press$dc1997 215 $a1 online resource (78 p.) 225 1 $aCompass series 300 $aBibliographic Level Mode of Issuance: Monograph 311 $a0-309-05895-3 320 $aIncludes bibliographical references (p. 55-57). 410 0$aCompass series (Washington, D.C.) 606 $aIonizing radiation$xDosage 606 $aRadiation$xSafety measures 606 $aSoldiers$xHealth and hygiene 606 $aNuclear warfare 615 0$aIonizing radiation$xDosage. 615 0$aRadiation$xSafety measures. 615 0$aSoldiers$xHealth and hygiene. 615 0$aNuclear warfare. 676 $a358/.39/0289 701 $aMettler$b Fred A.$f1945-$0307821 701 $aJohnson$b J. Christopher$01538193 701 $aThaul$b Susan$01474188 712 02$aInstitute of Medicine (U.S.).$bCommittee on Battlefield Radiation Exposure Criteria. 801 0$bMiAaPQ 801 1$bMiAaPQ 801 2$bMiAaPQ 906 $aBOOK 912 $a9910778779703321 996 $aAn evaluation of radiation exposure guidance for military operations$93859179 997 $aUNINA LEADER 03920oas 2201477 a 450 001 9910134093303321 005 20260127110038.0 011 $a1744-6155 035 $a(DE-599)ZDB2095309-4 035 $a(OCoLC)51321201 035 $a(CONSER) 2005264542 035 $a(CKB)111022104693058 035 $a(DE-599)2095309-4 035 $a(EXLCZ)99111022104693058 100 $a20030107a20029999 sy a 101 0 $aeng 135 $aurcnu|||||||| 181 $ctxt$2rdacontent 182 $cc$2rdamedia 183 $acr$2rdacarrier 200 10$aJournal for specialists in pediatric nursing $eJSPN 210 $a[Philadelphia, PA] $c[Nursecom] 210 3 $aHoboken, NJ $cWiley Blackwell 300 $aRefereed/Peer-reviewed 300 $aPublished: Malden, MA and Oxford : Blackwell Publishing, July-Sept. 2004- 311 08$a1539-0136 517 3 $aJSPN 531 0 $aJ. spec. pediatr. nurs. 606 $aPediatric nursing$vPeriodicals 606 $aNursing 606 $aPediatrics 606 $aPediatric nursing 606 $aMaternity nursing 606 $aNursing 606 $aPediatrics 606 $aPediatric Nursing 606 $aObstetric Nursing 606 $aMaternal-Child Nursing 606 $aSoins infirmiers en pe?diatrie$vPe?riodiques 606 $aSoins infirmiers 606 $aPe?diatrie 606 $aSoins infirmiers en pe?diatrie 606 $aSoins infirmiers en obste?trique 606 $aSoins infirmiers me?re-enfant 606 $anursing (health science)$2aat 606 $aPediatric Nursing$2ebps$3(uri) http://www.ncbi.nlm.nih.gov/mesh/?term=D010371 606 $aEvidence Based Nursing$2ebps 606 $aPediatrics$2fast$3(OCoLC)fst01056503 606 $aNursing$2fast$3(OCoLC)fst01041731 606 $aMaternity nursing$2fast$3(OCoLC)fst01012043 606 $aPediatric nursing$2fast$3(OCoLC)fst01056451 608 $aPeriodical. 608 $aComputer network resources. 608 $aPeriodicals.$2fast 615 0$aPediatric nursing 615 0$aNursing. 615 0$aPediatrics. 615 0$aPediatric nursing. 615 0$aMaternity nursing. 615 2$aNursing. 615 2$aPediatrics. 615 2$aPediatric Nursing. 615 2$aObstetric Nursing. 615 2$aMaternal-Child Nursing. 615 6$aSoins infirmiers en pe?diatrie 615 6$aSoins infirmiers. 615 6$aPe?diatrie. 615 6$aSoins infirmiers en pe?diatrie. 615 6$aSoins infirmiers en obste?trique. 615 6$aSoins infirmiers me?re-enfant. 615 7$anursing (health science) 615 7$aPediatric Nursing. 615 7$aEvidence Based Nursing. 615 7$aPediatrics. 615 7$aNursing. 615 7$aMaternity nursing. 615 7$aPediatric nursing. 676 $a610.7362 801 0$bHUA 801 1$bHUA 801 2$bOCLCQ 801 2$bSBH 801 2$bFQM 801 2$bOCLCQ 801 2$bNTE 801 2$bLGG 801 2$bGUA 801 2$bOCLCQ 801 2$bDLC 801 2$bOCLCQ 801 2$bDLC 801 2$bOCLCF 801 2$bNLGGC 801 2$bOCLCQ 801 2$bCCO 801 2$bCEF 801 2$bVT2 801 2$bPIFAG 801 2$bWT2 801 2$bOCLCQ 801 2$bOCLCO 801 2$bOCLCA 801 2$bBUF 801 2$bOCLCQ 801 2$bDLC 801 2$bOCLCQ 801 2$bTOF 801 2$bAU@ 801 2$bOCLCO 801 2$bWYU 801 2$bU3W 801 2$bOCLCO 801 2$bNJT 801 2$bOCLCQ 801 2$bOCLCO 801 2$bLDP 801 2$bOCLCA 801 2$bOCLCO 801 2$bOCLCQ 801 2$bOCL 801 2$bOCLCL 801 2$bOCLCQ 906 $aJOURNAL 912 $a9910134093303321 996 $aJournal for specialists in pediatric nursing$91915351 997 $aUNINA